MARC details
| 000 -LEADER |
| fixed length control field |
03641cam a22004338i 4500 |
| 001 - CONTROL NUMBER |
| control field |
21534703 |
| 003 - CONTROL NUMBER IDENTIFIER |
| control field |
CSPC |
| 005 - DATE AND TIME OF LATEST TRANSACTION |
| control field |
20250905090509.0 |
| 008 - FIXED-LENGTH DATA ELEMENTS--GENERAL INFORMATION |
| fixed length control field |
200518s2021 nyu b 001 0 eng |
| 010 ## - LIBRARY OF CONGRESS CONTROL NUMBER |
| LC control number |
2020022891 |
| 020 ## - INTERNATIONAL STANDARD BOOK NUMBER |
| International Standard Book Number |
9780367561772 |
| Qualifying information |
(pbk) |
| 035 ## - SYSTEM CONTROL NUMBER |
| System control number |
21534703 |
| 040 ## - CATALOGING SOURCE |
| Original cataloging agency |
DLC |
| Language of cataloging |
eng |
| Description conventions |
rda |
| Transcribing agency |
DLC |
| Modifying agency |
CSPC |
| 042 ## - AUTHENTICATION CODE |
| Authentication code |
pcc |
| 050 00 - LIBRARY OF CONGRESS CALL NUMBER |
| Classification number |
HD57.7 |
| Item number |
.I94 2021 |
| 082 00 - DEWEY DECIMAL CLASSIFICATION NUMBER |
| Classification number |
658.4092 |
| Item number |
Iv32l |
| Edition number |
23 |
| 100 1# - MAIN ENTRY--PERSONAL NAME |
| Personal name |
Iveroth, Einar, |
| Relator term |
author. |
| 245 10 - TITLE STATEMENT |
| Title |
Leadership and digital change : |
| Remainder of title |
the digitalization paradox / |
| Statement of responsibility, etc. |
Einar Iveroth and Jacob Hallencreutz. |
| 263 ## - PROJECTED PUBLICATION DATE |
| Projected publication date |
2009 |
| 264 #1 - PRODUCTION, PUBLICATION, DISTRIBUTION, MANUFACTURE, AND COPYRIGHT NOTICE |
| Place of production, publication, distribution, manufacture |
New York, NY ; |
| -- |
Abingdon, Oxon : |
| Name of producer, publisher, distributor, manufacturer |
Routledge, |
| Date of production, publication, distribution, manufacture, or copyright notice |
2021. |
| 300 ## - PHYSICAL DESCRIPTION |
| Extent |
ix, 142 pages ; |
| Dimensions |
23 cm. |
| 336 ## - CONTENT TYPE |
| Content type term |
text |
| Content type code |
txt |
| Source |
rdacontent |
| 337 ## - MEDIA TYPE |
| Media type term |
unmediated |
| Media type code |
n |
| Source |
rdamedia |
| 338 ## - CARRIER TYPE |
| Carrier type term |
volume |
| Carrier type code |
nc |
| Source |
rdacarrier |
| 490 0# - SERIES STATEMENT |
| Series statement |
Routledge studies in organizational change & development |
| 504 ## - BIBLIOGRAPHY, ETC. NOTE |
| Bibliography, etc. note |
Includes bibliographical references and index. |
| 505 0# - FORMATTED CONTENTS NOTE |
| Formatted contents note |
Introduction -- Putting digitalization in perspective -- Understanding the customer side of digital change -- The Swedish potato: a story of a transformation -- Strategic aspects of digital change -- The employee side of the digital change -- Summary and final end notes. |
| 520 ## - SUMMARY, ETC. |
| Summary, etc. |
"Digitalization is on everyone's lips as new technology changes business landscapes and conventional companies are outperformed by younger digital and agile contestants. In this volatile environment it seems more relevant than ever before to understand the aspects and business logic behind the elusive phenomenon called "digitalization". Never before have there been such great opportunities to unleash the full potential of technology within organizations to create long-standing competitive advantage. This book explains the strategy and practice of how to lead and control the people side of digital change in a dynamic world of uncertainty and social complexity, and as such the book snares the elusive phenomena of digitalization Digitalization drives behavioral change and calls for a new way of thinking among senior executives. In practice, reaping the benefits of digital technology is not as easy as it first appears to be. This book provides a map to navigate in the volatile business landscape where change occurs continuously because of digital technology. It provides an historical frame of the evolution of digital technology, decodes digitalization's negative influence on the external aspects of customer satisfaction, discusses and explains the strategic and leadership consequences of different forms of digital change, and finally demonstrates how leading digital change can be put into practice. Illustrative case studies and examples are provided throughout as well as models and frameworks. This is a valuable resource for researchers, academics, and students in the fields of organizational studies, organizational change, technology & innovation management, and digitalization"-- |
| Assigning source |
Provided by publisher. |
| 650 #0 - SUBJECT ADDED ENTRY--TOPICAL TERM |
| Topical term or geographic name entry element |
Leadership. |
| 650 #0 - SUBJECT ADDED ENTRY--TOPICAL TERM |
| Topical term or geographic name entry element |
Organizational change. |
| 650 #0 - SUBJECT ADDED ENTRY--TOPICAL TERM |
| Topical term or geographic name entry element |
Information technology |
| General subdivision |
Management. |
| 650 #0 - SUBJECT ADDED ENTRY--TOPICAL TERM |
| Topical term or geographic name entry element |
Industrial management |
| General subdivision |
Technological innovations. |
| 700 1# - ADDED ENTRY--PERSONAL NAME |
| Personal name |
Hallencreutz, Jacob, |
| Relator term |
author. |
| 776 08 - ADDITIONAL PHYSICAL FORM ENTRY |
| Relationship information |
Online version: |
| Main entry heading |
Iveroth, Einar, |
| Title |
Leadership and digital change |
| Place, publisher, and date of publication |
New York, NY : Routledge, 2020. |
| International Standard Book Number |
9780429296420 |
| Record control number |
(DLC) 2020022892 |
| 906 ## - LOCAL DATA ELEMENT F, LDF (RLIN) |
| a |
7 |
| b |
cbc |
| c |
orignew |
| d |
1 |
| e |
ecip |
| f |
20 |
| g |
y-gencatlg |
| 942 ## - ADDED ENTRY ELEMENTS (KOHA) |
| Source of classification or shelving scheme |
Dewey Decimal Classification |
| Koha item type |
Books |
| Edition |
23 |
| Classification part |
658.4092 |
| Item part |
Iv32l |
| Call number prefix |
GRD |
| Call number suffix |
2021 |
| Suppress in OPAC |
No |